000
00316nam a22001337a 4500
008
211019b ||||| |||| 00| 0 eng d
041
_a
eng
080
_a
579
082
_a
579
100
_a
11
101
_a
BIO
245
_a
The Pearson Custom Library for the Biological Sciences
_c
Alexander,M
942
_2
udc
_c
BK
999
_c
58287
_d
58287